| 000 | 00732nam a22002295a 4500 | ||
|---|---|---|---|
| 005 | 20161116110056.0 | ||
| 008 | 161116t2016 ii a frb 001 0 eng d | ||
| 020 | _a9789351526216 | ||
| 040 |
_aEG-ScBUE _beng _cEG-ScBUE _dEG-ScBUE |
||
| 082 | 0 | 4 |
_222 _a617.69 _bDAS |
| 100 | 1 | _aDas, Sujit Kumar. | |
| 245 | 1 | 0 |
_aComplete denture prosthodontics / _cSujit Kumar Das. |
| 260 |
_aNew Delhi : _bThe Health Sciences Publisher, _cc.2016. |
||
| 300 |
_axv, 272 p. : _bill. ; _c24 cm. |
||
| 500 | _aIndex : p. [269]-272. | ||
| 504 | _aIncludes bibliographical references. | ||
| 650 | 7 |
_2BUEsh _932431 _aComplete dentures. |
|
| 650 | 7 |
_932434 _aDenture, Complete. _2BUEsh |
|
| 651 | _2BUEsh | ||
| 653 |
_bDDent _cNovember2016 |
||
| 942 | _2ddc | ||
| 999 |
_c23159 _d23131 |
||